Genau! 2 : nemčina pre stredné odborné školy/
| Hlavní autor: | Tkadlečková, Carla |
|---|---|
| Další autoři: | Foxová, Renáta |
| Jazyk: | Němčina Slovenština |
| Vydáno: |
Praha : Klett, 2012 |
| Vydání: | 1. vyd. |
| Témata: | |
| Externí odkaz: |
Digitalizovaný dokument
Pracovní listy s odbornou slovní zásobou |
| Fyzický popis: |
2 sv. : il. (převážně barev.) ; 30 cm |
| LEADER | 02040nam a2200469 aa4500 | ||
|---|---|---|---|
| 001 | 001317387 | ||
| 003 | CZ BrMZK | ||
| 005 | 20160902132718.0 | ||
| 007 | ta | ||
| 008 | 130812s2012 xr a d pf 000 0 slo | ||
| 020 | |a 978-80-7397-100-7 |q (učebnice a pracovní sešit : |q brož.) | ||
| 020 | |q (metodická příručka pro učitele : |q CDR) | ||
| 040 | |a BOA001 |b cze | ||
| 041 | 0 | |a slo |a ger | |
| 072 | 7 | |a 811.112.2 |x Němčina |2 Konspekt |9 11 | |
| 072 | 7 | |a 37.016 |x Učební osnovy. Vyučovací předměty. Učebnice |2 Konspekt |9 22 | |
| 080 | |a 811.112.2 |2 MRF | ||
| 080 | |a (075.3) |2 MRF | ||
| 080 | |a (07.062)81 |2 MRF | ||
| 080 | |a (076.1) |2 MRF | ||
| 080 | |a (072) |2 MRF | ||
| 100 | 1 | |a Tkadlečková, Carla |7 hka2010587794 |4 aut | |
| 245 | 1 | 0 | |a Genau! 2 : |b nemčina pre stredné odborné školy/ |c Carla Tkadlečková ; [autorka slovenskej verzie] Renáta Foxová |
| 246 | 3 | 0 | |a Nemčina pre stredné odborné školy |
| 250 | |a 1. vyd. | ||
| 260 | |a Praha : |b Klett, |c 2012 | ||
| 300 | |a 2 sv. : |b il. (převážně barev.) ; |c 30 cm | ||
| 500 | |a "Spoločný európsky referenčný rámec A2"--Obálka | ||
| 505 | 0 | |a učebnica a pracovný zošit. 256 s. + 2 CD MP3 -- metodická príručka pre učiteľa. 1 CD-ROM | |
| 650 | 0 | 7 | |a němčina |7 ph115512 |2 czenas |
| 653 | 0 | |a jazyková úroveň A2 | |
| 655 | 7 | |a učebnice středních škol |7 fd133771 |2 czenas | |
| 655 | 7 | |a jazykové učebnice, texty, příručky (A) |7 fd600889 |2 czenas | |
| 655 | 7 | |a pracovní sešity |7 fd133116 |2 czenas | |
| 655 | 7 | |a metodické příručky |7 fd132826 |2 czenas | |
| 700 | 1 | |a Foxová, Renáta |7 jx20110629007 |4 aut | |
| 856 | 4 | 1 | |u http://www.digitalniknihovna.cz/mzk/uuid/uuid:fe2e952b-2c18-49ee-9f77-119ff8757380 |y Digitalizovaný dokument |
| 856 | 4 | 2 | |3 Pracovní listy s odbornou slovní zásobou |u http://www.vydavatelstvoklett.sk |
| 910 | |a BOA001 |b 4-1313.709 |b CDR-1313.710 | ||
| 990 | |a BK | ||
| 991 | |b 201311 |e dp | ||
| 996 | 6 | |b 2610567546 |c 4-1313.709 |d učebnice a pracovní sešit |v 1 |l MZK |r Sklad / do 1 hodiny |n 0 |p p.v. |w 001375815 |u 000010 |a 1 |e BOA001 |j MZK50 |s P | |
English
Čeština 